LEADER 01070nam a2200265 i 4500 001 000000153297 003 CaOOAMICUS 005 20090319000000.0 008 090319s1968 it u000 u eng u 013 $a130638 020 $a269-02565-0 040 $aSeMil$bita 100 1 $aRossi, Ferdinando.$0(OLS)http://semarc/name/60028 245 10$aMosaics :$ba survey of their History and Techniques /$cFerdinando Rossi. 260 $aLondon :$bPall Mall Press,$ccopyr. 1968. 300 $a200 p. :$briccamente ill. ;$c30 cm. 500 $aContiene : Bibliography. - Fondo Card. Giovanni Colombo. 650 4$aMosaici.$0(OLS)http://semarc/subject/19979 850 $aSeMil 852 $aSeMil$W1$xVenegono$y1$m5V X 28$j105239$B105239$CSeMilBibl$Z2$F140366 $8I 941 1 $a3 961 $aLascito: Colombo Card. Giovanni 996 $6020$a269-02565-0$9(OLS)http://semarc/number/143096 996 $6245$aMosaics :$ba survey of their History and Techniques$9(OLS)http://semarc/title/224253 996 $6260$aLondon :$bPall Mall Press$9(OLS)http://semarc/publisher/48068 LEADER 00937nam a2200241 i 4500 001 000000186472 003 CaOOAMICUS 005 20150914000000.0 008 150914s1921 it u000 u ita u 013 $a164520 040 $aSeMil$bita 100 1 $aGorla, Carlo Giovanni,$c.$0(OLS)http://semarc/name/11457 245 12$aI doveri fondamentali del sacerdote /$cCarlo Giovanni Gorla. 260 $aMilano :$bGhirlanda,$cimprim. 1921. 300 $a174 p. ;$c16 cm. 500 $aFondo card. Giovanni Colombo. 650 4$aSacerdozio - Spiritualitą.$0(OLS)http://semarc/subject/2395 850 $aSeMil 852 $aSeMil$W1$xVenegono$y1$m3GC II 332$j137159$B137159$CSeMilBibl$Z2$F148730 $8B 941 1 $a3 961 $aLascito: Colombo Card. Giovanni 996 $6245$aI doveri fondamentali del sacerdote$9(OLS)http://semarc/title/209220 996 $6260$aMilano :$bGhirlanda$9(OLS)http://semarc/publisher/33445